Multigrid (Record no. 534)
[ view plain ]
| 000 -LEADER | |
|---|---|
| fixed length control field | 00422 a2200109 4500 |
| 020 ## - INTERNATIONAL STANDARD BOOK NUMBER | |
| International Standard Book Number | 012701070X (acid-free paper) |
| 082 ## - DEWEY DECIMAL CLASSIFICATION NUMBER | |
| Classification number | 519.4 TRO |
| 100 ## - MAIN ENTRY--PERSONAL NAME | |
| Personal name | Trottenberg, U. |
| 245 ## - TITLE STATEMENT | |
| Title | Multigrid |
| Statement of responsibility, etc. | U. Trottenberg, C.W. Oosterlee, A. Schüller ; with guest contributions by A. Brandt, P. Oswald, and K. Stüben. |
| 260 ## - PUBLICATION, DISTRIBUTION, ETC. | |
| Place of publication, distribution, etc. | San Diego : |
| Name of publisher, distributor, etc. | Academic Press, |
| Date of publication, distribution, etc. | c2001. |
| 300 ## - PHYSICAL DESCRIPTION | |
| Extent | xv, 631 p. : |
| Other physical details | ill. ; |
| Dimensions | 25 cm. |
| 650 ## - SUBJECT ADDED ENTRY--TOPICAL TERM | |
| Topical term or geographic name entry element | Multigrid methods (Numerical analysis) |
| Withdrawn status | Lost status | Damaged status | Not for loan | Permanent Location | Current Location | Shelving location | Date acquired | Total Checkouts | Full call number | Barcode | Date last seen | Price effective from | Koha item type |
|---|---|---|---|---|---|---|---|---|---|---|---|---|---|
| School of Civil and Environmental Engineering (SCEE) | School of Civil and Environmental Engineering (SCEE) | 519.4 TRO | NIT-4082 | 01/05/2017 | 01/05/2017 | Book |
